003020000a220007300045001000022000002450136000223000054001587730016002121 aWalker, Daniel F.10aThielicke on the modern welfare state : German theologian Helmut Thielicke's wise warnings on the dangers of government paternalism aVol. 46, Num. 8 (Agosto, 1996), Páginas 557-5580 tThe Freeman